000 01194pam a2200289 a 4500
999 _c126748
_d126748
001 2998918
003 ARRUPE
005 20170824093026.0
008 931215s1994 nyu b 001 0 eng
010 _a 93047017
020 _a0060169877 :
_c$22.50 ($30.00 Can.)
040 _aDLC
_cDLC
_dDLC
050 0 0 _aPN6109.9
_b.W65 1994
082 0 0 _a808.81/9382
_220
245 0 0 _aWomen in praise of the sacred :
_b43 centuries of spiritual poetry by women /
_cedited by Jane Hirshfield.
250 _a1st ed.
260 _aNew York, NY :
_bHarperCollins Pub.,
_cc1994.
300 _axxiii, 259 p. ;
_c24 cm.
504 _aIncludes bibliographical references (p. 243-250) and index.
650 0 _aPoetry
_xWomen authors.
_935147
650 0 _aPoetry
_xWomen authors
_xTranslations into English.
_935148
650 0 _aReligious poetry
_xWomen authors.
_935149
650 0 _aReligious poetry
_xWomen authors
_xTranslations into English.
_935150
700 1 _aHirshfield, Jane,
_d1953-
_935151
906 _a7
_bcbc
_corignew
_d1
_eocip
_f19
_gy-gencatlg
942 _2lcc
_cMONOGRAPH